Представление документа в формате RUSMARC

ПолеНазваниеЗначение
  Тип записи a
  Библиографический уровень a
001 Контрольный номер RU/CBS_UL/BASE/586886518
005 Дата корректировки 20240209175228.0
100 Данные общей обработки __
a Данные общей обработки 20180806d2018 ||| 0rusy0189 ca
101 Язык документа 0_
a Язык текста rus
102 Страна публикации __
a Страна публикации RU
105 Кодированные данные (монография) __
a Кодированные данные (монография) y###||||000|y
200 Заглавие и сведения об ответственности 1_
a Заглавие Не оставляйте на завтра то, что нужно съесть сегодня
b Общее обозначение материала Текст
e Сведения, относящиеся к заглавию [о инфекционных болезнях летнего времени года, о симптомах, лечении, профилактики]
f Первые сведения об ответственности А. Девяткин
300 Общие примечания __
a Общие примечания Ограничения по возрасту - 16+
461 Уровень набора _0
1 2000
a Предупреждение
463 Уровень физической единицы _0
1 001RU/CBS_UL/BASE/585932037
1 2000
a № 7
v С. 60-71
1 210
d 2018
606 Тематические рубрики 0_
a Основная рубрика Инфекционные и паразитарные болезни
610 Ключевые слова 0_
a Ключевые слова арбовирусные инфекции
610 Ключевые слова 0_
a Ключевые слова карельская лихорадка
610 Ключевые слова 0_
a Ключевые слова клещевой иксодовый боррелиоз
610 Ключевые слова 0_
a Ключевые слова острые кишечные инфекции
610 Ключевые слова 0_
a Ключевые слова вирусы Коксаки
686 Индексы других классификаций __
a Классификационный индекс 55.1
2 Код системы ББК
700 Автор _1
a Фамилия Девяткин
b Имя (инициалы) А.
801 Источник записи _0
a Страна RU
b Организация МБУК ЦБС г. Ульяновска
c Дата составления 20180806
g Правила каталогизации RCR
801 Источник записи _1
a Страна RU
b Организация МБУК ЦБС г. Ульяновска
c Дата составления 20180806
g Правила каталогизации RCR
901 Тип документа __
t Тип документа b
w Контрольный № источника RU/CBS_UL/BASE/585932037
910 Корректоры записи __
a Корректор записи lib7-2
938 Служебная информация __
a Имя БД period